Charles Lamb / (Record no. 22865)
[ view plain ]
| 000 -LEADER | |
|---|---|
| fixed length control field | 01026nam a2200289 a 4500 |
| 001 - CONTROL NUMBER | |
| control field | 22865 |
| 003 - CONTROL NUMBER IDENTIFIER | |
| rucl marc code | BD-RjUL |
| 005 - DATE AND TIME OF LATEST TRANSACTION | |
| control field | 20211209000849.0 |
| 008 - FIXED-LENGTH DATA ELEMENTS--GENERAL INFORMATION | |
| fixed length control field | 140309s1954 eng 000 0deng d |
| 035 ## - SYSTEM CONTROL NUMBER | |
| System control number | (BD-RjUL)22930 |
| System control number | (OCoLC)2083272 |
| 040 ## - CATALOGING SOURCE | |
| Original cataloging agency | TLM |
| Transcribing agency | TLM |
| Modifying agency | m.c |
| -- | BD-RjUL |
| Language of cataloging | eng |
| 041 ## - LANGUAGE CODE | |
| Language code of text/sound track or separate title | eng |
| 082 ## - DEWEY DECIMAL CLASSIFICATION NUMBER | |
| Classification number | 824.7 |
| Author mark and year | BLC 1954 |
| 100 1# - MAIN ENTRY--PERSONAL NAME | |
| Personal name | Blunden, Edmund, |
| Dates associated with a name | 1896-1974. |
| 9 (RLIN) | 55940 |
| 245 00 - TITLE STATEMENT | |
| Title | Charles Lamb / |
| Statement of responsibility, etc. | Edmund Blunden. |
| 260 ## - PUBLICATION, DISTRIBUTION, ETC. (IMPRINT) | |
| Place of publication, distribution, etc. | London : |
| Name of publisher, distributor, etc. | published for the British Council and the National Book League by Longmans, |
| Date of publication, distribution, etc. | 1954. |
| 300 ## - PHYSICAL DESCRIPTION | |
| Pagination | 40 p. : |
| Illustrations | ill. ; |
| Size | 23 cm. |
| 490 1# - SERIES STATEMENT | |
| Series statement | Bibliographical series of supplements to British book news on writers and their work ; |
| Volume/sequential designation | no. 56 |
| 504 ## - BIBLIOGRAPHY, ETC. NOTE | |
| Bibliography, etc | "Charles Lamb, a select bibliography": p. 37-40 |
| 600 10 - SUBJECT ADDED ENTRY--PERSONAL NAME | |
| Personal name | Lamb, Charles, |
| Dates associated with a name | 1775-1834 |
| 830 #0 - SERIES ADDED ENTRY--UNIFORM TITLE | |
| Volume number/sequential designation | no. 56 |
| Uniform title | Bibliographical series of supplements to British book news on writers and their work ; |
| 942 ## - ADDED ENTRY ELEMENTS (KOHA) | |
| Source of classification or shelving scheme | Dewey Decimal Classification |
| Koha item type | Books |
| Lost status | Source of classification or shelving scheme | Damaged status | Not for loan | Collection code | Permanent Location | Current Location | Shelving location | Date acquired | Source of acquisition | Total Checkouts | Full call number | Date last seen | Copy number | Koha item type |
|---|---|---|---|---|---|---|---|---|---|---|---|---|---|---|
| Dewey Decimal Classification | Added to bundle | Fiction | Central Library, University of Rajshahi | Central Library, University of Rajshahi | Reading Room | 30/06/1961 | British Council, Dhaka | 824.7 BLC 1954 | 09/03/2014 | C-1 | Books |